Statistiques concernant Pays les plus proches d'Antigua-et-Barbuda - Sprint de 30 secondes

Cliquez ici pour prendre le quiz!

Statistiques générales

  • Ce quiz a été pris 21 fois
  • Le résultat moyen est 9 sur 20

Statistiques - réponses

kmpays% Correct
154Dominique
88%
409Saint-Vincent-
et-les-Grenadines
88%
68Saint-Christophe-
et-Niévès
81%
333Sainte-Lucie
81%
1317Cuba
69%
500Grenade
69%
467Barbade
63%
1230Bahamas
56%
1414Jamaïque
56%
642Trinité-et-Tobago
56%
944Haïti
44%
688République
Dominicaine
38%
1318Brésil
31%
1134Colombie
25%
966Guyana
25%
1338Suriname
25%
696Venezuela
19%
998Aruba
0%
923Curaçao
0%
126Sint Maarten
0%

Distribution des résultats

Percentile par nombre de réponses

% des personnes avec chaque résultat

Votre développement - résultats

Vous n’avez pas pris ce quiz